| 000 | 00570 a2200169 4500 | ||
|---|---|---|---|
| 020 | _a0471050598 | ||
| 020 | _a9780471050599 | ||
| 082 | _a516.35 | ||
| 090 |
_c1445 _d1445 |
||
| 100 | 1 | _aGriffiths, Phillip. | |
| 245 | 1 | 0 |
_aPrinciples of algebraic geometry / _cPhillip Griffiths, Joseph Harris. |
| 260 |
_a[S.l.] : _bWiley-Interscience, _c1978 |
||
| 300 |
_a832 p. ; _c23 cm. |
||
| 700 | 1 | _aHarris, Joseph. | |
| 942 |
_aSNS _cBK _k516.35 GRI |
||
| 999 |
_c30056 _d30056 |
||